000 01392nam a2200361 a 4500
001 ebr10675037
003 CaPaEBR
006 m u
007 cr cn|||||||||
008 090312s2009 nyu sb 001 0 eng d
010 _z 2009010503
020 _z9781607415381 (hardcover : alk. paper)
020 _z9781617281853 (e-book)
040 _aCaPaEBR
_cCaPaEBR
035 _a(OCoLC)659560741
043 _aa-cc---
050 1 4 _aDS779.46
_b.W8 2009eb
082 0 4 _a951.06
_222
100 1 _aWu, Guang.
245 1 0 _aChina
_h[electronic resource] :
_bhas the last opportunity passed by?! /
_cGuang Wu.
260 _aHauppauge, N.Y. :
_bNova Science Publishers,
_c2009.
300 _axiii, 88 p.
490 1 _aChina in the 21st century series
504 _aIncludes bibliographical references and index.
533 _aElectronic reproduction.
_bPalo Alto, Calif. :
_cebrary,
_d2013.
_nAvailable via World Wide Web.
_nAccess may be limited to ebrary affiliated libraries.
651 0 _aChina
_xPolitics and government
_y2002-
651 0 _aChina
_xEconomic conditions
_y2000-
651 0 _aChina
_xCivilization.
655 7 _aElectronic books.
_2local
710 2 _aebrary, Inc.
830 0 _aChina in the 21st century (Commack, N.Y.)
856 4 0 _uhttp://site.ebrary.com/lib/rucke/Doc?id=10675037
_zAn electronic book accessible through the World Wide Web; click to view
999 _c164051
_d164051